<?xml version="1.0" encoding="UTF-8"?>
<record
    xmlns:xsi="http://www.w3.org/2001/XMLSchema-instance"
    xsi:schemaLocation="http://www.loc.gov/MARC21/slim http://www.loc.gov/standards/marcxml/schema/MARC21slim.xsd"
    xmlns="http://www.loc.gov/MARC21/slim">

  <leader>00398nam a2200145Ia 4500</leader>
  <datafield tag="999" ind1=" " ind2=" ">
    <subfield code="c">10743</subfield>
    <subfield code="d">10743</subfield>
  </datafield>
  <controlfield tag="008">191201s2011    xx            000 0 und d</controlfield>
  <datafield tag="082" ind1=" " ind2=" ">
    <subfield code="a">801.1</subfield>
    <subfield code="b">COC</subfield>
  </datafield>
  <datafield tag="100" ind1=" " ind2=" ">
    <subfield code="a">CORNS, Thomas N.</subfield>
  </datafield>
  <datafield tag="245" ind1=" " ind2="0">
    <subfield code="a">The Cambridge Companion To English Poetry : Donne to Marvell</subfield>
  </datafield>
  <datafield tag="250" ind1=" " ind2=" ">
    <subfield code="a">7th</subfield>
  </datafield>
  <datafield tag="260" ind1=" " ind2=" ">
    <subfield code="a">New Delhi</subfield>
    <subfield code="b">Cambridge University Press</subfield>
    <subfield code="c">2003</subfield>
  </datafield>
  <datafield tag="300" ind1=" " ind2=" ">
    <subfield code="a">306</subfield>
  </datafield>
  <datafield tag="650" ind1=" " ind2=" ">
    <subfield code="a">BAHONSENG</subfield>
  </datafield>
  <datafield tag="942" ind1=" " ind2=" ">
    <subfield code="2">ddc</subfield>
    <subfield code="c">BK</subfield>
    <subfield code="0">1</subfield>
  </datafield>
  <datafield tag="952" ind1=" " ind2=" ">
    <subfield code="0">0</subfield>
    <subfield code="1">0</subfield>
    <subfield code="2">ddc</subfield>
    <subfield code="4">0</subfield>
    <subfield code="7">0</subfield>
    <subfield code="8">BAHONSENG</subfield>
    <subfield code="a">PIETNCR</subfield>
    <subfield code="b">PIETNCR</subfield>
    <subfield code="d">2021-07-08</subfield>
    <subfield code="e">Techniz Books International</subfield>
    <subfield code="f">IN Rupees</subfield>
    <subfield code="g">2822.00</subfield>
    <subfield code="k">INT/212210125</subfield>
    <subfield code="l">0</subfield>
    <subfield code="o">801.1 COC</subfield>
    <subfield code="p">N1183</subfield>
    <subfield code="r">2021-08-02 00:00:00</subfield>
    <subfield code="v">1863.16</subfield>
    <subfield code="w">2021-07-08</subfield>
    <subfield code="y">REF</subfield>
  </datafield>
  <datafield tag="952" ind1=" " ind2=" ">
    <subfield code="0">0</subfield>
    <subfield code="1">0</subfield>
    <subfield code="2">ddc</subfield>
    <subfield code="4">0</subfield>
    <subfield code="7">0</subfield>
    <subfield code="8">BAHONSENG</subfield>
    <subfield code="a">PIETNCR</subfield>
    <subfield code="b">PIETNCR</subfield>
    <subfield code="d">2021-07-08</subfield>
    <subfield code="e">Techniz Books International</subfield>
    <subfield code="f">IN Rupees</subfield>
    <subfield code="g">2822.00</subfield>
    <subfield code="k">INT/212210125</subfield>
    <subfield code="l">0</subfield>
    <subfield code="o">801.1 COC</subfield>
    <subfield code="p">N1184</subfield>
    <subfield code="r">2021-08-02 00:00:00</subfield>
    <subfield code="v">1863.16</subfield>
    <subfield code="w">2021-07-08</subfield>
    <subfield code="y">BK</subfield>
  </datafield>
  <datafield tag="952" ind1=" " ind2=" ">
    <subfield code="0">0</subfield>
    <subfield code="1">0</subfield>
    <subfield code="2">ddc</subfield>
    <subfield code="4">0</subfield>
    <subfield code="7">0</subfield>
    <subfield code="8">BAHONSENG</subfield>
    <subfield code="a">PIETNCR</subfield>
    <subfield code="b">PIETNCR</subfield>
    <subfield code="d">2021-07-08</subfield>
    <subfield code="e">Techniz Books International</subfield>
    <subfield code="f">IN Rupees</subfield>
    <subfield code="g">2822.00</subfield>
    <subfield code="k">INT/212210125</subfield>
    <subfield code="l">0</subfield>
    <subfield code="o">801.1 COC</subfield>
    <subfield code="p">N1185</subfield>
    <subfield code="r">2021-08-02 00:00:00</subfield>
    <subfield code="v">1863.16</subfield>
    <subfield code="w">2021-07-08</subfield>
    <subfield code="y">BK</subfield>
  </datafield>
  <datafield tag="952" ind1=" " ind2=" ">
    <subfield code="0">0</subfield>
    <subfield code="1">0</subfield>
    <subfield code="2">ddc</subfield>
    <subfield code="4">0</subfield>
    <subfield code="7">0</subfield>
    <subfield code="8">BAHONSENG</subfield>
    <subfield code="a">PIETNCR</subfield>
    <subfield code="b">PIETNCR</subfield>
    <subfield code="d">2021-07-08</subfield>
    <subfield code="e">Techniz Books International</subfield>
    <subfield code="f">IN Rupees</subfield>
    <subfield code="g">2822.00</subfield>
    <subfield code="k">INT/212210125</subfield>
    <subfield code="l">0</subfield>
    <subfield code="o">801.1 COC</subfield>
    <subfield code="p">N1186</subfield>
    <subfield code="r">2021-08-02 00:00:00</subfield>
    <subfield code="v">1863.16</subfield>
    <subfield code="w">2021-07-08</subfield>
    <subfield code="y">BK</subfield>
  </datafield>
  <datafield tag="952" ind1=" " ind2=" ">
    <subfield code="0">0</subfield>
    <subfield code="1">0</subfield>
    <subfield code="2">ddc</subfield>
    <subfield code="4">0</subfield>
    <subfield code="7">0</subfield>
    <subfield code="8">BAHONSENG</subfield>
    <subfield code="a">PIETNCR</subfield>
    <subfield code="b">PIETNCR</subfield>
    <subfield code="d">2021-07-08</subfield>
    <subfield code="e">Techniz Books International</subfield>
    <subfield code="f">IN Rupees</subfield>
    <subfield code="g">2822.00</subfield>
    <subfield code="k">INT/212210125</subfield>
    <subfield code="l">0</subfield>
    <subfield code="o">801.1 COC</subfield>
    <subfield code="p">N1187</subfield>
    <subfield code="r">2021-08-02 00:00:00</subfield>
    <subfield code="v">1863.16</subfield>
    <subfield code="w">2021-07-08</subfield>
    <subfield code="y">BK</subfield>
  </datafield>
  <datafield tag="952" ind1=" " ind2=" ">
    <subfield code="0">0</subfield>
    <subfield code="1">0</subfield>
    <subfield code="2">ddc</subfield>
    <subfield code="4">0</subfield>
    <subfield code="7">0</subfield>
    <subfield code="8">BAHONSENG</subfield>
    <subfield code="a">PIETNCR</subfield>
    <subfield code="b">PIETNCR</subfield>
    <subfield code="d">2021-07-08</subfield>
    <subfield code="e">Techniz Books International</subfield>
    <subfield code="f">IN Rupees</subfield>
    <subfield code="g">2822.00</subfield>
    <subfield code="k">INT/212210125</subfield>
    <subfield code="l">1</subfield>
    <subfield code="o">801.1 COC</subfield>
    <subfield code="p">N1188</subfield>
    <subfield code="r">2021-11-22 00:00:00</subfield>
    <subfield code="s">2021-11-10</subfield>
    <subfield code="v">1863.16</subfield>
    <subfield code="w">2021-07-08</subfield>
    <subfield code="y">BK</subfield>
  </datafield>
</record>
